Это Россия, Учебное пособие
| Autore principale: | |
|---|---|
| Altri autori: | |
| Riassunto: | Книга находится в премиум-версии платформы «Русский как иностранный». Адресовано иностранным обучающимся, изучающим русский язык на подготовительном факультете. В издание включены сведения, дающие представления о географии, климате, истории России, культурных традициях и современных реалиях нашей страны. Адаптированные тексты, сопровождающиеся комплексом заданий и упражнений, направлены на усвоение лексико-грамматического материала, развитие навыков монологических высказываний. Предназначено для иностранных слушателей подготовительных факультетов вузов. Гарантированный срок размещения на платформе до 13.10.2028 (автопролонгация) |
| Pubblicazione: |
Тамбов, Тамбовский государственный технический университет, ЭБС АСВ, 2022
|
| Edizione: | Это Россия |
| Soggetti: | |
| Accesso online: | Перейти к просмотру издания |
| Natura: | MixedMaterials Elettronico |
MARC
| LEADER | 00000 a2200000 4500 | ||
|---|---|---|---|
| 001 | RU/ROS-EDU.RU/133342 | ||
| 856 | 4 | |u https://www.ros-edu.ru/book?id=133342 |z Перейти к просмотру издания | |
| 010 | |a 978-5-8265-2510-4 | ||
| 205 | |a Это Россия |b 2028-10-13 | ||
| 333 | |a Гарантированный срок размещения на платформе до 13.10.2028 (автопролонгация) | ||
| 100 | |a 20220101d2022 |||y0rusy0250 |s 2028-10-13 | ||
| 105 | |a y z 000zy | ||
| 101 | 0 | |a rus | |
| 102 | |a RU | ||
| 200 | 1 | |a Это Россия |b Электронный ресурс |e Учебное пособие |f И. С. Иванова, С. А. Ильина | |
| 700 | 1 | |b И. С. |a Иванова |4 070 | |
| 701 | 1 | |b С. А. |a Ильина |4 070 | |
| 330 | |a Адресовано иностранным обучающимся, изучающим русский язык на подготовительном факультете. В издание включены сведения, дающие представления о географии, климате, истории России, культурных традициях и современных реалиях нашей страны. Адаптированные тексты, сопровождающиеся комплексом заданий и упражнений, направлены на усвоение лексико-грамматического материала, развитие навыков монологических высказываний. Предназначено для иностранных слушателей подготовительных факультетов вузов. | ||
| 210 | |a Тамбов |c Тамбовский государственный технический университет, ЭБС АСВ |d 2022 | ||
| 610 | 1 | |a Россия | |
| 610 | 1 | |a русский язык | |
| 610 | 1 | |a лексика | |
| 610 | 1 | |a грамматика | |
| 610 | 1 | |a иностранцы | |
| 610 | 1 | |a традиции | |
| 675 | |a 811 | ||
| 686 | |a 82.2 |2 rubbk | ||
| 300 | |a Книга находится в премиум-версии платформы «Русский как иностранный». | ||
| 215 | |a 217 с. | ||